[Event "EU-ch 16th"]
[Site "Jerusalem"]
[Date "2015.03.01"]
[Round "5"]
[White "Gal, Moshe"]
[Black "Freiman, Mark"]
[Result "1-0"]
[WhiteElo "2154"]
[BlackElo "1873"]
[PlyCount "61"]
[EventDate "2015.02.24"]
[EventType "swiss"]
[EventRounds "11"]
[EventCountry "ISR"]
[SourceTitle "CBM 166"]
[Source "ChessBase"]
[SourceDate "2015.05.11"]
[SourceVersion "1"]
[SourceVersionDate "2015.05.11"]
[SourceQuality "1"]

1. d4 Nf6 2. c4 g6 3. Nc3 Bg7 4. e4 d6 5. Be2 0-0 6. Nf3 e5 7. dxe5 dxe5 8. Qxd8 Rxd8 9. Nd5 Nxd5 10. cxd5 c6 11. Bc4 cxd5 12. Bxd5 Nc6 13. Bg5 Rf8 14. 0-0 Nd4 15. Nxd4 exd4 16. b3 Re8 17. Rac1 h6 18. Bd2 Be6 19. Bxb7 Rab8 20. Ba6 Rb6 21. Bd3 Re7 22. Rc5 Rbb7 23. Rfc1 Bf8 24. f3 Kg7 25. Rc6 Red7 26. Ba6 Rb6 27. Rxb6 axb6 28. Bc8 Rd6 29. Bf4 Rd8 30. Bxe6 fxe6 31. Bc7 1-0

[Event "EU-ch 16th"]
[Site "Jerusalem"]
[Date "2015.02.25"]
[Round "2"]
[White "Freiman, Mark"]
[Black "Zisman, Philip"]
[Result "0-1"]
[WhiteElo "1873"]
[BlackElo "2238"]
[PlyCount "84"]
[EventDate "2015.02.24"]
[EventType "swiss"]
[EventRounds "11"]
[EventCountry "ISR"]
[SourceTitle "CBM 166"]
[Source "ChessBase"]
[SourceDate "2015.05.11"]
[SourceVersion "1"]
[SourceVersionDate "2015.05.11"]
[SourceQuality "1"]

1. e4 c5 2. Nf3 d6 3. d4 cxd4 4. Nxd4 a6 5. Nc3 Nf6 6. Be3 b5 7. f3 Bb7 8. Qd2 e6 9. 0-0-0 Be7 10. Kb1 Nbd7 11. g4 Nc5 12. g5 Nfd7 13. h4 Ne5 14. Bh3 b4 15. Nce2 Nc4 16. Qc1 Qa5 17. Nb3 Nxb3 18. axb3 Nxe3 19. Qxe3 Qc5 20. Qxc5 dxc5 21. Bg4 Bc6 22. Nf4 0-0 23. Rhg1 a5 24. Bh3 a4 25. bxa4 Rxa4 26. b3 Ra3 27. Kb2 c4 28. bxc4 Rxf3 29. Rdf1 Rc3 30. Re1 Bc5 31. Rh1 Bd4 32. Ne2 Rxc4+ 33. Nxd4 Rxd4 34. Bg2 Rd2 35. Rhg1 Ba4 36. Bf3 Rxc2+ 37. Kb1 Rf2 38. Bd1 Bb5 39. Re3 Rd8 40. Bc2 g6 41. Rc1 Rdd2 42. Rb3 Ba4 0-1